| 000 | 01936nam a2200493 i 4500 | ||
|---|---|---|---|
| 001 | 51035 | ||
| 003 | KOSZ 005 | ||
| 005 | 20250523063413.0 | ||
| 008 | 220412s1999 pl a f f 000 0 pol | ||
| 015 | _aPB 2003/2136 | ||
| 020 | _a8388283154 | ||
| 040 |
_aWA N _cWA N _dKOSZ 005/HR |
||
| 046 | _k1999 | ||
| 080 | _a681.5 | ||
| 080 | _a(075.8) | ||
| 245 | 0 | 0 |
_aLaboratorium z podstaw automatyki / _cTomasz Kiczkowiak, Zenon Ociepa, Wojciech Tarnowski, Ewa Wachowicz, Maciej Wachowicz ; [recenzenci Jerzy Pułaczewski, Marek Żelazny]. |
| 250 | _aWydanie 2 zmienione. | ||
| 260 |
_aKoszalin : _bWydawnictwo Uczelniane Politechniki Koszalińskiej, _c1999. |
||
| 300 |
_a235 stron : _bilustracje ; _c24 cm. |
||
| 336 |
_aTekst _btxt _2rdacontent |
||
| 337 |
_aBez urządzenia pośredniczącego _bn _2rdamedia |
||
| 338 |
_aWolumin _bnc _2rdacarrier |
||
| 380 | _aKsiążki | ||
| 380 | _aPublikacje dydaktyczne | ||
| 385 |
_mPoziom nauczania _aSzkoły wyższe |
||
| 388 | 1 | _a1901-2000 | |
| 388 | 1 | _a1989-2000 | |
| 504 | _aBibliografia przy ćwiczeniach. | ||
| 521 | 8 | _aSkrypt Wydziału Mechanicznego. | |
| 650 | 7 | _aAutomatyka | |
| 655 | 7 | _aPodręczniki akademickie | |
| 658 | _aInżynieria i technika | ||
| 700 | 1 |
_aTarnowski, Wojciech _d(1936-2024) _eAutor |
|
| 700 | 1 |
_aKiczkowiak, Tomasz _d(1955- ) _eAutor |
|
| 700 | 1 |
_aWachowicz, Ewa _eAutor |
|
| 700 | 1 |
_aOciepa, Zenon _eAutor |
|
| 700 | 1 |
_aWachowicz, Maciej _eAutor |
|
| 700 | 1 |
_aPułaczewski, Jerzy Wojciech _eRecenzja |
|
| 700 | 1 |
_aŻelazny, Marek _eRecenzja |
|
| 710 | 2 |
_aWydawnictwo Uczelniane (Politechnika Koszalińska) _4pbl |
|
| 856 |
_uhttp://dlibra.tu.koszalin.pl/dlibra/docmetadata?id=234&from=&dirids=1&ver_id=&lp=1&QI= _yBiblioteka Cyfrowa |
||
| 856 |
_uhttp://koha.tu.koszalin.pl/cgi-bin/koha/opac-detail.pl?biblionumber=51035 _yKatalog online BPK |
||
| 942 |
_2UKD _cKS |
||
| 999 |
_c51035 _d51035 |
||